000 00263nam a2200097Ia 4500
001 1226202
005 20250827092959.0
008 250824s9999 xx 000 0 und d
245 0 _aKAYIP SEMBOL
_c DAN BROWN
260 _bALTIN KİTAPLAR YAYINLARI
999 _c1226202
_d1226202